000 00385nam a2200145Ia 4500
008 231129s2000||||xx |||||||||||||| ||spa||
020 _a84-283-2707-6
040 _bspa
082 _a621.38835 B533i
100 _aBerral Montero Isidoro
245 0 _aInstalación de antenas de TV
260 _c2000
264 _aParaninfo
942 _2ddc
_cBKS
999 _c15734
_d15734